| 000 -CABECERA |
| Longitud fija campo de control |
00587nam a2200193 a 4500 |
| 001 - NÚMERO DE CONTROL |
| Número de control |
1062 |
| 003 - IDENTIFICADOR DEL NÚMERO DE CONTROL |
| Identificador del número de control |
CDMR |
| 005 - FECHA Y HORA DE LA ÚLTIMA TRANSACCIÓN |
| Fecha y hora de la última transacción |
20151030104202.0 |
| 008 - CÓDIGOS DE INFORMACIÓN DE LONGITUD FIJA |
| Códigos de información de longitud fija |
130130s1971||||||||||||||||||||||||||||d |
| 040 ## - FUENTE DE LA CATALOGACIÓN |
| Centro catalogador de origen |
CDMR |
| Lengua de catalogación |
cat |
| Centro transcriptor |
CDMR |
| 100 1# - PUNTO DE ACCESO PRINCIPAL-NOMBRE DE PERSONA |
| Nombre de persona |
Berlo, David K. |
| 9 (RLIN) |
834 |
| 245 13 - MENCIÓN DE TÍTULO |
| Título |
El proceso de la comunicación |
| Resto del título |
: introducción a la teoria y a la práctica |
| Mención de responsabilidad, etc. |
David K. Berlo |
| 260 ## - PUBLICACIÓN, DISTRIBUCIÓN, ETC. (PIE DE IMPRENTA) |
| Lugar de publicación, distribución, etc. |
Buenos Aires |
| Fecha de publicación, distribución, etc. |
1971 |
| Nombre del editor, distribuidor, etc. |
Ateneo |
| 300 ## - DESCRIPCIÓN FÍSICA |
| Extensión |
239 p. |
| 490 0# - MENCIÓN DE SERIE |
| Mención de serie |
Biblioteca Nuevas Orientaciones de la Educacióm |
| 650 04 - PUNTO DE ACCESO ADICIONAL DE MATERIA - TÉRMINO DE MATERIA |
| 9 (RLIN) |
2085 |
| Término de materia o nombre geográfico como elemento inicial |
Comunicació |
| Subdivisión de materia general |
Teoria |
| 650 04 - PUNTO DE ACCESO ADICIONAL DE MATERIA - TÉRMINO DE MATERIA |
| 9 (RLIN) |
388 |
| Término de materia o nombre geográfico como elemento inicial |
Comunicació humana |
| 942 ## - ENTRADA DE ELEMENTOS AGREGADOS (KOHA) |
| Koha [por defecto] tipo de item |
Monografies |
| Fuente de clasificaión o esquema |
|